| 000 | 00508nam a2200181Ia 4500 | ||
|---|---|---|---|
| 005 | 20250508152115.0 | ||
| 008 | 008 250505s9999 xx 000 0 eng d | ||
| 037 | _aTextual | ||
| 040 |
_aFEDL _beng _cFEDL |
||
| 041 |
_aeng _2eng |
||
| 084 |
_a375, LUR _qFEDL |
||
| 100 |
_aLurry Lucile L _9760772 |
||
| 245 | 0 | _aDeveloping a high school core program | |
| 260 |
_aNew York, USA _bThe Macmillan Company _c1957 |
||
| 300 | _aix,297p. | ||
| 942 |
_cTEXL _h375, LUR |
||
| 999 |
_c1334286 _d1334286 |
||